00350nam a2200145Ia 4500008004100000020001800041041000800059082001600067100001900083245002700102250000600129260005200135300000800187650000900195210716s2006 xx 000 0 und d a9781598631616 aeng a004.6P FLYJ aFlyny, John P. aProgramming with perl. a1 aNew DelhibCengage Learning India Pvt Ltdc2006 a328 aNone